You Figure It Out! #7 - Statistics

General Stats
  • This quiz has been taken 46 times
  • The average score is 11 of 15
Answer Stats
Hint Answer % Correct
Golden California
95%
Aloha Hawaii
95%
Sunshine Florida
93%
Empire New York
88%
Lone Star Texas
88%
Peach Georgia
83%
First Delaware
71%
Bluegrass Kentucky
68%
Tar Heel North Carolina
66%
Volunteer Tennessee
66%
Hoosier Indiana
63%
Bay Massachusetts
61%
Garden New Jersey
59%
Silver Nevada
54%
Prairie Illinois
49%
No matching quizzes found
Score Distribution
Percent of People with Each Score
Percentile by Number Answered
Your Score History
You have not taken this quiz